000 00228nam a2200097Ia 4500
008 190216s9999||||xx |||||||||||||| ||und||
100 _aKrishan Warrier N V
245 0 _aAsia Kanmunpil
260 _bKerala Basha Inst
942 _cBK
999 _c19074
_d19074